<?xml version="1.0" encoding="UTF-8"?>
<record
    xmlns:xsi="http://www.w3.org/2001/XMLSchema-instance"
    xsi:schemaLocation="http://www.loc.gov/MARC21/slim http://www.loc.gov/standards/marcxml/schema/MARC21slim.xsd"
    xmlns="http://www.loc.gov/MARC21/slim">

  <leader>04945namaa22004211i 4500</leader>
  <controlfield tag="003">OSt</controlfield>
  <controlfield tag="005">20260419140203.0</controlfield>
  <controlfield tag="008">250827s2025    ua a|||frm||| 000 0 eng d</controlfield>
  <datafield tag="040" ind1=" " ind2=" ">
    <subfield code="a">EG-GICUC</subfield>
    <subfield code="b">ara</subfield>
    <subfield code="c">EG-GICUC</subfield>
    <subfield code="d">EG-GICUC</subfield>
    <subfield code="e">rda</subfield>
  </datafield>
  <datafield tag="041" ind1="0" ind2=" ">
    <subfield code="a">ara</subfield>
    <subfield code="b">ara</subfield>
    <subfield code="b">eng</subfield>
  </datafield>
  <datafield tag="049" ind1=" " ind2=" ">
    <subfield code="a">&#x625;&#x64A;&#x62F;&#x627;&#x639;</subfield>
  </datafield>
  <datafield tag="082" ind1="0" ind2="4">
    <subfield code="a">346.0682</subfield>
  </datafield>
  <datafield tag="092" ind1=" " ind2=" ">
    <subfield code="a">346.0682</subfield>
    <subfield code="2">21</subfield>
  </datafield>
  <datafield tag="097" ind1=" " ind2=" ">
    <subfield code="a">&#x645;&#x640;&#x640;&#x640;&#x640;&#x627;&#x62C;&#x633;&#x62A;&#x64A;&#x631;</subfield>
  </datafield>
  <datafield tag="099" ind1=" " ind2=" ">
    <subfield code="a">Cai01.04.08.M.Sc.2025.&#x646;&#x627;.&#x62A;</subfield>
  </datafield>
  <datafield tag="100" ind1="0" ind2=" ">
    <subfield code="a">&#x60C;&#x646;&#x627;&#x635;&#x631; &#x645;&#x628;&#x627;&#x631;&#x643; &#x646;&#x627;&#x635;&#x631; &#x627;&#x644;&#x647;&#x627;&#x62C;&#x631;&#x64A;</subfield>
    <subfield code="e">&#x625;&#x639;&#x62F;&#x627;&#x62F;.</subfield>
  </datafield>
  <datafield tag="245" ind1="1" ind2="0">
    <subfield code="a">&#x62A;&#x635;&#x641;&#x64A;&#x629; &#x634;&#x631;&#x643;&#x627;&#x62A; &#x627;&#x644;&#x645;&#x633;&#x627;&#x647;&#x645;&#x629; &#x641;&#x64A; &#x627;&#x644;&#x642;&#x627;&#x646;&#x648;&#x646;&#x64A;&#x646; &#x627;&#x644;&#x645;&#x635;&#x631;&#x64A; &#x648;&#x627;&#x644;&#x642;&#x637;&#x631;&#x64A; /</subfield>
    <subfield code="c">&#x625;&#x639;&#x62F;&#x627;&#x62F; &#x646;&#x627;&#x635;&#x631; &#x645;&#x628;&#x627;&#x631;&#x643; &#x646;&#x627;&#x635;&#x631; &#x627;&#x644;&#x647;&#x627;&#x62C;&#x631;&#x64A;&#x61B; &#x625;&#x634;&#x631;&#x627;&#x641; &#x623;.&#x62F;.&#x62C;&#x645;&#x627;&#x644; &#x645;&#x62D;&#x645;&#x648;&#x62F; &#x639;&#x628;&#x62F;&#x627;&#x644;&#x639;&#x632;&#x64A;&#x632;.</subfield>
  </datafield>
  <datafield tag="246" ind1="1" ind2="5">
    <subfield code="a">Liquidation of joint stock companies in egyptian and qatari law /</subfield>
  </datafield>
  <datafield tag="264" ind1=" " ind2="0">
    <subfield code="c">2025.</subfield>
  </datafield>
  <datafield tag="300" ind1=" " ind2=" ">
    <subfield code="a">206 &#x635;&#x641;&#x62D;&#x629; :</subfield>
    <subfield code="b">&#x625;&#x64A;&#x636;&#x627;&#x62D;&#x64A;&#x627;&#x62A; &#x61B; </subfield>
    <subfield code="c">30 &#x633;&#x645;. + </subfield>
    <subfield code="e">CD.</subfield>
  </datafield>
  <datafield tag="336" ind1=" " ind2=" ">
    <subfield code="a">text</subfield>
    <subfield code="2">rda content</subfield>
  </datafield>
  <datafield tag="337" ind1=" " ind2=" ">
    <subfield code="a">Unmediated</subfield>
    <subfield code="2">rdamedia</subfield>
  </datafield>
  <datafield tag="338" ind1=" " ind2=" ">
    <subfield code="a">volume</subfield>
    <subfield code="2">rdacarrier</subfield>
  </datafield>
  <datafield tag="502" ind1=" " ind2=" ">
    <subfield code="a">&#x623;&#x637;&#x631;&#x648;&#x62D;&#x629; (&#x645;&#x627;&#x62C;&#x633;&#x62A;&#x64A;&#x631;)-&#x62C;&#x627;&#x645;&#x639;&#x629; &#x627;&#x644;&#x642;&#x627;&#x647;&#x631;&#x629;&#x60C; 2025. </subfield>
  </datafield>
  <datafield tag="504" ind1=" " ind2=" ">
    <subfield code="a">&#x628;&#x628;&#x644;&#x64A;&#x648;&#x62C;&#x631;&#x627;&#x641;&#x64A;&#x627;: &#x635;&#x641;&#x62D;&#x627;&#x62A; 191-202.</subfield>
  </datafield>
  <datafield tag="520" ind1=" " ind2=" ">
    <subfield code="a">&#x646;&#x638;&#x631;&#x627;&#x64B; &#x644;&#x623;&#x646; &#x627;&#x644;&#x634;&#x631;&#x643;&#x627;&#x62A; &#x627;&#x644;&#x645;&#x633;&#x627;&#x647;&#x645;&#x629; &#x645;&#x646; &#x627;&#x644;&#x623;&#x634;&#x643;&#x627;&#x644; &#x627;&#x644;&#x642;&#x627;&#x646;&#x648;&#x646;&#x64A;&#x629; &#x627;&#x644;&#x623;&#x643;&#x62B;&#x631; &#x62A;&#x623;&#x62B;&#x64A;&#x631;&#x627;&#x64B; &#x648;&#x627;&#x646;&#x62A;&#x634;&#x627;&#x631;&#x627;&#x64B; &#x641;&#x64A; &#x627;&#x644;&#x639;&#x627;&#x644;&#x645; &#x627;&#x644;&#x627;&#x642;&#x62A;&#x635;&#x627;&#x62F;&#x64A; &#x627;&#x644;&#x62D;&#x62F;&#x64A;&#x62B;. &#x641;&#x647;&#x64A; &#x62A;&#x62C;&#x633;&#x62F; &#x62A;&#x62C;&#x645;&#x639;&#x627;&#x64B; &#x644;&#x631;&#x624;&#x648;&#x633; &#x627;&#x644;&#x623;&#x645;&#x648;&#x627;&#x644; &#x645;&#x646; &#x639;&#x62F;&#x62F; &#x643;&#x628;&#x64A;&#x631; &#x645;&#x646; &#x627;&#x644;&#x645;&#x633;&#x627;&#x647;&#x645;&#x64A;&#x646;&#x60C; &#x645;&#x645;&#x627; &#x64A;&#x62A;&#x64A;&#x62D; &#x644;&#x644;&#x634;&#x631;&#x643;&#x629; &#x627;&#x644;&#x645;&#x633;&#x627;&#x647;&#x645;&#x629; &#x627;&#x644;&#x642;&#x62F;&#x631;&#x629; &#x639;&#x644;&#x649; &#x627;&#x644;&#x642;&#x64A;&#x627;&#x645; &#x628;&#x645;&#x634;&#x631;&#x648;&#x639;&#x627;&#x62A; &#x636;&#x62E;&#x645;&#x629; &#x648;&#x627;&#x633;&#x62A;&#x62B;&#x645;&#x627;&#x631;&#x627;&#x62A; &#x648;&#x627;&#x633;&#x639;&#x629;. &#x625;&#x644;&#x627; &#x623;&#x646; &#x647;&#x630;&#x647; &#x627;&#x644;&#x634;&#x631;&#x643;&#x627;&#x62A; &#x642;&#x62F; &#x62A;&#x648;&#x627;&#x62C;&#x647;&#x60C; &#x641;&#x64A; &#x628;&#x639;&#x636; &#x627;&#x644;&#x623;&#x62D;&#x64A;&#x627;&#x646;&#x60C; &#x62A;&#x62D;&#x62F;&#x64A;&#x627;&#x62A; &#x62A;&#x624;&#x62F;&#x64A; &#x625;&#x644;&#x649; &#x642;&#x631;&#x627;&#x631; &#x62A;&#x635;&#x641;&#x64A;&#x62A;&#x647;&#x627;&#x60C; &#x633;&#x648;&#x627;&#x621; &#x643;&#x627;&#x646;&#x62A; &#x62A;&#x644;&#x643; &#x627;&#x644;&#x62A;&#x62D;&#x62F;&#x64A;&#x627;&#x62A; &#x645;&#x631;&#x62A;&#x628;&#x637;&#x629; &#x628;&#x627;&#x644;&#x639;&#x648;&#x627;&#x645;&#x644; &#x627;&#x644;&#x627;&#x642;&#x62A;&#x635;&#x627;&#x62F;&#x64A;&#x629; &#x623;&#x648; &#x627;&#x644;&#x625;&#x62F;&#x627;&#x631;&#x64A;&#x629; &#x623;&#x648; &#x627;&#x644;&#x642;&#x627;&#x646;&#x648;&#x646;&#x64A;&#x629;. &#x648;&#x645;&#x646; &#x647;&#x646;&#x627;&#x60C; &#x64A;&#x635;&#x628;&#x62D; &#x645;&#x648;&#x636;&#x648;&#x639; &#x62A;&#x635;&#x641;&#x64A;&#x629; &#x634;&#x631;&#x643;&#x627;&#x62A; &#x627;&#x644;&#x645;&#x633;&#x627;&#x647;&#x645;&#x629; &#x630;&#x627; &#x623;&#x647;&#x645;&#x64A;&#x629; &#x628;&#x627;&#x644;&#x63A;&#x629;&#x60C; &#x62D;&#x64A;&#x62B; &#x64A;&#x639;&#x646;&#x649; &#x628;&#x62A;&#x646;&#x638;&#x64A;&#x645; &#x627;&#x644;&#x622;&#x644;&#x64A;&#x627;&#x62A; &#x627;&#x644;&#x642;&#x627;&#x646;&#x648;&#x646;&#x64A;&#x629; &#x648;&#x627;&#x644;&#x625;&#x62F;&#x627;&#x631;&#x64A;&#x629; &#x627;&#x644;&#x62A;&#x64A; &#x64A;&#x62A;&#x645; &#x645;&#x646; &#x62E;&#x644;&#x627;&#x644;&#x647;&#x627; &#x625;&#x646;&#x647;&#x627;&#x621; &#x623;&#x639;&#x645;&#x627;&#x644; &#x627;&#x644;&#x634;&#x631;&#x643;&#x629; &#x648;&#x62A;&#x635;&#x641;&#x64A;&#x62A;&#x647;&#x627; &#x648;&#x641;&#x642;&#x627;&#x64B; &#x644;&#x644;&#x642;&#x648;&#x627;&#x646;&#x64A;&#x646; &#x627;&#x644;&#x645;&#x639;&#x645;&#x648;&#x644; &#x628;&#x647;&#x627;.&#x648;&#x62A;&#x62A;&#x641;&#x627;&#x648;&#x62A; &#x627;&#x644;&#x623;&#x633;&#x628;&#x627;&#x628; &#x627;&#x644;&#x62A;&#x64A; &#x642;&#x62F; &#x62A;&#x624;&#x62F;&#x64A; &#x625;&#x644;&#x649; &#x62A;&#x635;&#x641;&#x64A;&#x629; &#x627;&#x644;&#x634;&#x631;&#x643;&#x627;&#x62A; &#x627;&#x644;&#x645;&#x633;&#x627;&#x647;&#x645;&#x629;&#x60C; &#x62D;&#x64A;&#x62B; &#x64A;&#x645;&#x643;&#x646; &#x623;&#x646; &#x62A;&#x646;&#x634;&#x623; &#x645;&#x646; &#x642;&#x631;&#x627;&#x631;&#x627;&#x62A; &#x62F;&#x627;&#x62E;&#x644;&#x64A;&#x629; &#x635;&#x627;&#x62F;&#x631;&#x629; &#x639;&#x646; &#x627;&#x644;&#x62C;&#x645;&#x639;&#x64A;&#x629; &#x627;&#x644;&#x639;&#x645;&#x648;&#x645;&#x64A;&#x629; &#x644;&#x644;&#x634;&#x631;&#x643;&#x629; &#x628;&#x646;&#x627;&#x621;&#x64B; &#x639;&#x644;&#x649; &#x631;&#x624;&#x64A;&#x629; &#x627;&#x633;&#x62A;&#x631;&#x627;&#x62A;&#x64A;&#x62C;&#x64A;&#x629;&#x60C; &#x623;&#x648; &#x645;&#x646; &#x62A;&#x623;&#x62B;&#x64A;&#x631;&#x627;&#x62A; &#x62E;&#x627;&#x631;&#x62C;&#x64A;&#x629; &#x643;&#x62A;&#x63A;&#x64A;&#x631;&#x627;&#x62A; &#x641;&#x64A; &#x627;&#x644;&#x628;&#x64A;&#x626;&#x629; &#x627;&#x644;&#x627;&#x642;&#x62A;&#x635;&#x627;&#x62F;&#x64A;&#x629; &#x623;&#x648; &#x627;&#x644;&#x62A;&#x634;&#x631;&#x64A;&#x639;&#x64A;&#x629;. &#x628;&#x63A;&#x636; &#x627;&#x644;&#x646;&#x638;&#x631; &#x639;&#x646; &#x627;&#x644;&#x633;&#x628;&#x628;&#x60C; &#x641;&#x625;&#x646; &#x62A;&#x635;&#x641;&#x64A;&#x629; &#x627;&#x644;&#x634;&#x631;&#x643;&#x627;&#x62A; &#x62A;&#x637;&#x631;&#x62D; &#x627;&#x644;&#x639;&#x62F;&#x64A;&#x62F; &#x645;&#x646; &#x627;&#x644;&#x625;&#x634;&#x643;&#x627;&#x644;&#x64A;&#x627;&#x62A; &#x627;&#x644;&#x642;&#x627;&#x646;&#x648;&#x646;&#x64A;&#x629; &#x648;&#x627;&#x644;&#x625;&#x62F;&#x627;&#x631;&#x64A;&#x629;&#x60C; &#x627;&#x644;&#x62A;&#x64A; &#x62A;&#x62A;&#x637;&#x644;&#x628; &#x62A;&#x646;&#x638;&#x64A;&#x645;&#x627;&#x64B; &#x62F;&#x642;&#x64A;&#x642;&#x627;&#x64B; &#x644;&#x636;&#x645;&#x627;&#x646; &#x62D;&#x645;&#x627;&#x64A;&#x629; &#x62D;&#x642;&#x648;&#x642; &#x62C;&#x645;&#x64A;&#x639; &#x627;&#x644;&#x623;&#x637;&#x631;&#x627;&#x641; &#x627;&#x644;&#x645;&#x639;&#x646;&#x64A;&#x629;&#x60C; &#x633;&#x648;&#x627;&#x621; &#x643;&#x627;&#x646;&#x648;&#x627; &#x645;&#x633;&#x627;&#x647;&#x645;&#x64A;&#x646;&#x60C; &#x62F;&#x627;&#x626;&#x646;&#x64A;&#x646;&#x60C; &#x623;&#x648; &#x639;&#x627;&#x645;&#x644;&#x64A;&#x646; &#x641;&#x64A; &#x627;&#x644;&#x634;&#x631;&#x643;&#x629;.</subfield>
  </datafield>
  <datafield tag="520" ind1=" " ind2=" ">
    <subfield code="a">Joint-stock companies are one of the most influential and widespread legal forms in the modern economic world. They represent a pool of capital from a large number of shareholders, enabling joint-stock companies to undertake large-scale projects and investments. However, these companies may sometimes face challenges that lead to the decision to liquidate them, whether these challenges are related to economic, administrative, or legal factors. Hence, the topic of liquidating joint-stock companies becomes of paramount importance, as it concerns regulating the legal and administrative mechanisms through which a company's operations are terminated and liquidated in accordance with applicable laws.The reasons that may lead to the liquidation of joint-stock companies vary. They may arise from internal decisions issued by the company's general assembly based on a strategic vision, or from external influences such as changes in the economic or legislative environment. Regardless of the reason, liquidating companies poses numerous legal and administrative issues, requiring careful organization to ensure the protection of the rights of all stakeholders, whether shareholders, creditors, or employees.</subfield>
  </datafield>
  <datafield tag="530" ind1=" " ind2=" ">
    <subfield code="a">&#x635;&#x62F;&#x631; &#x623;&#x64A;&#x636;&#x64B;&#x627; &#x643;&#x642;&#x631;&#x635; &#x645;&#x62F;&#x645;&#x62C;.</subfield>
  </datafield>
  <datafield tag="546" ind1=" " ind2=" ">
    <subfield code="a">&#x627;&#x644;&#x646;&#x635; &#x628;&#x627;&#x644;&#x639;&#x631;&#x628;&#x64A;&#x629; &#x648;&#x627;&#x644;&#x645;&#x644;&#x62E;&#x635; &#x628;&#x627;&#x644;&#x644;&#x63A;&#x629; &#x627;&#x644;&#x625;&#x646;&#x62C;&#x644;&#x64A;&#x632;&#x64A;&#x629; &#x648;&#x627;&#x644;&#x639;&#x631;&#x628;&#x64A;&#x629;.</subfield>
  </datafield>
  <datafield tag="650" ind1=" " ind2="7">
    <subfield code="a">&#x627;&#x644;&#x634;&#x631;&#x643;&#x627;&#x62A;</subfield>
    <subfield code="2">qrmak</subfield>
  </datafield>
  <datafield tag="650" ind1=" " ind2="7">
    <subfield code="a">&#x627;&#x644;&#x642;&#x627;&#x646;&#x648;&#x646; &#x627;&#x644;&#x62A;&#x62C;&#x627;&#x631;&#x649;</subfield>
  </datafield>
  <datafield tag="653" ind1=" " ind2="0">
    <subfield code="a">&#x634;&#x631;&#x643;&#x627;&#x62A; &#x627;&#x644;&#x645;&#x633;&#x627;&#x647;&#x645;&#x629; </subfield>
    <subfield code="a">&#x62A;&#x635;&#x641;&#x64A;&#x629; &#x634;&#x631;&#x643;&#x627;&#x62A; &#x627;&#x644;&#x645;&#x633;&#x627;&#x647;&#x645;&#x629;</subfield>
    <subfield code="a">&#x623;&#x62B;&#x627;&#x631; &#x627;&#x644;&#x62A;&#x635;&#x641;&#x64A;&#x629; &#x648;&#x627;&#x646;&#x642;&#x636;&#x627;&#x626;&#x647;&#x627;</subfield>
  </datafield>
  <datafield tag="700" ind1="0" ind2=" ">
    <subfield code="a">&#x62C;&#x645;&#x627;&#x644; &#x645;&#x62D;&#x645;&#x648;&#x62F; &#x639;&#x628;&#x62F;&#x627;&#x644;&#x639;&#x632;&#x64A;&#x632;</subfield>
    <subfield code="e">&#x645;&#x634;&#x631;&#x641; &#x623;&#x637;&#x631;&#x648;&#x62D;&#x629;.</subfield>
  </datafield>
  <datafield tag="900" ind1=" " ind2=" ">
    <subfield code="b">16-04-2025</subfield>
    <subfield code="c">&#x62C;&#x645;&#x627;&#x644; &#x645;&#x62D;&#x645;&#x648;&#x62F; &#x639;&#x628;&#x62F;&#x627;&#x644;&#x639;&#x632;&#x64A;&#x632;</subfield>
    <subfield code="d">&#x62E;&#x644;&#x64A;&#x644; &#x641;&#x64A;&#x643;&#x62A;&#x648;&#x631; &#x62A;&#x627;&#x62F;&#x631;&#x633;</subfield>
    <subfield code="d">&#x62A;&#x627;&#x645;&#x631; &#x644;&#x637;&#x641;&#x64A; &#x635;&#x628;&#x631;&#x64A; &#x623;&#x62D;&#x645;&#x62F;</subfield>
    <subfield code="U">&#x62C;&#x627;&#x645;&#x639;&#x629; &#x627;&#x644;&#x642;&#x627;&#x647;&#x631;&#x629; </subfield>
    <subfield code="F">&#x643;&#x644;&#x64A;&#x629; &#x627;&#x644;&#x62D;&#x642;&#x648;&#x642; </subfield>
    <subfield code="D">&#x642;&#x633;&#x645; &#x627;&#x644;&#x642;&#x627;&#x646;&#x648;&#x646; &#x627;&#x644;&#x62A;&#x62C;&#x627;&#x631;&#x64A;</subfield>
  </datafield>
  <datafield tag="905" ind1=" " ind2=" ">
    <subfield code="a">Sara</subfield>
    <subfield code="e">Afaf</subfield>
  </datafield>
  <datafield tag="942" ind1=" " ind2=" ">
    <subfield code="2">ddc</subfield>
    <subfield code="c">TH</subfield>
    <subfield code="e">21</subfield>
    <subfield code="n">0</subfield>
  </datafield>
  <datafield tag="999" ind1=" " ind2=" ">
    <subfield code="c">179329</subfield>
  </datafield>
  <datafield tag="952" ind1=" " ind2=" ">
    <subfield code="2">ddc</subfield>
    <subfield code="9">316342</subfield>
    <subfield code="a">CUCL</subfield>
    <subfield code="b">cl210</subfield>
    <subfield code="d">2026-04-09</subfield>
    <subfield code="i">33089</subfield>
    <subfield code="o">Cai01.04.08.M.Sc.2025.&#x646;&#x627;.&#x62A;</subfield>
    <subfield code="p">01010100033089000</subfield>
    <subfield code="r">2026-04-09 11:23:00</subfield>
    <subfield code="w">2026-04-09</subfield>
    <subfield code="y">TH</subfield>
  </datafield>
</record>
